000 00248nam a2200097Ia 4500
001 709659
005 20250826162551.0
008 250824s9999 xx 000 0 und d
245 0 _aBİLGELERDEN ÖĞÜTLER
_cZİYA DEMİREL
260 _bAKÇAĞ YAYINLARI
999 _c709659
_d709659